Kliknij odpowiednią stolicę A-Z - Statystyki

Ogólne statystyki
  • Ten quiz został rozwiązany 5 943 razy
  • Średni wynik to 12 z 25
Odpowiedzi na mapie
Odpowiedzi zakodowano w zielono-czerwonej skali na mapie do tego quizu, zgodnie z poniższymi procentami.
 
Statystyki odpowiedzi
Odpowiedź % Poprawnych
A
62%
B
61%
W
61%
O
60%
M
59%
R
59%
L
58%
D
57%
H
57%
K
57%
P
57%
S
55%
T
53%
C
49%
U
49%
N
46%
V
45%
Q
38%
I
37%
E
31%
Z
30%
J
29%
G
26%
Y
19%
F
16%
Nie znaleziono quizów pasujących do podanych kryteriów
Rozkład punktacji
Procent ludzi z każdym wynikiem
Percentyl według liczby udzielonych odpowiedzi
Twoja historia wyników
Nie rozwiązałeś tego quizu